| 000 | 00491nam a2200169 i 4500 | ||
|---|---|---|---|
| 001 | 82287 | ||
| 003 | ES-MaACL | ||
| 005 | 20230906174640.0 | ||
| 007 | t| | ||
| 008 | 041108s1970 sp f ||||1| spa d | ||
| 100 | 1 |
_aIglesias de Souza, Luis. _965106 |
|
| 245 | 1 | 0 |
_aClamor de alba _b: cancionero navideño / _cLuis de Iglesias de Souza. |
| 260 |
_aLa Coruña : _b[s.n., _c1970] |
||
| 300 |
_a36 h., 3 lám. ; _c17 cm. |
||
| 650 | 4 |
_aNavidad- _vPoesías. _915505 |
|
| 852 |
_aES-MaACL _jC-44925 |
||
| 999 |
_c82287 _d82287 |
||